000
00295nam a2200121Ia 4500
008
190216s9999||||xx |||||||||||||| ||und||
100
_a
Rajalakshmi T A
245
0
_a
Oru Vazhiyum Kure Nizhalukalum
260
_b
Current Books
_c
1965
300
_a
185p
650
_a
Malayalam Novel
942
_c
BK
999
_c
27586
_d
27586